Chicago 1930 : lucha entre gangsters [juego] /

Guardado en:
Formato: Objeto Físico
Publicado: España : Jufasa, [200?]
Materias:
Etiquetas: Agregar Etiqueta
Sin Etiquetas, Sea el primero en etiquetar este registro!
LEADER 00755nrm a22001575g 4500
001 CEM.cems019463
008 130507b200?##################0###0#####d
005 20220830185101.0
245 0 0 |a Chicago 1930 :  |b lucha entre gangsters [juego] /  |c Falomir 
260 |a España :  |b Jufasa,  |c [200?] 
300 |a 1 juego (1 tablero, 2 dados, 30 peones de 5 colores, 60 fichas de 5 colores, 16 fichas de autos, 1 plantilla para apuestas, billetes) ; en caja 38 x 27 x 6 cm.+ instrucciones. 
500 |a Para 2 a 6 jugadores a partir de 10 años y adultos objetivo: conseguir más negocios que los adversarios. 
082 0 4 |a J793.9 
653 |a 1. juegos de negocios y finanzas 
653 |a 2. juegos de manejo de dinero 
859 |a CEMS  |b BIB. CEMS - Ludoteca  |h J793.9  |i F189  |p 290.03  |t Ej.1